Directors of Brad Pitt Movies - Statistics

General Stats
  • This quiz has been taken 186 times
    110 since last reset
  • The average score is 23 of 53
Answer Stats
Year Movie Director % Correct
2019 Once Upon a Time... in Hollywood Quentin Tarantino
98%
2009 Inglourious Basterds Quentin Tarantino
98%
2008 The Curious Case of Benjamin Button David Fincher
92%
1999 Fight Club David Fincher
92%
1995 Seven David Fincher
92%
2013 The Counselor Ridley Scott
81%
1991 Thelma & Louise Ridley Scott
81%
2007 Ocean's Thirteen Steven Soderbergh
81%
2004 Ocean's Twelve Steven Soderbergh
81%
2001 Ocean's Eleven Steven Soderbergh
81%
2008 Burn After Reading The Coen Brothers
81%
2001 Spy Game Tony Scott
81%
1993 True Romance Tony Scott
81%
2000 Snatch Guy Ritchie
71%
2011 The Tree of Life Terrence Malick
70%
2013 12 Years a Slave Steve McQueen
69%
2022 Babylon Damien Chazelle
67%
2006 Babel Alejandro González Iñárritu
63%
2015 The Big Short Adam McKay
57%
1995 12 Monkeys Terry Gilliam
56%
2011 Happy Feet Two George Miller
49%
2011 Moneyball Bennett Miller
48%
2022 Bullet Train David Leitch
39%
2016 Allied Robert Zemeckis
37%
2005 Mr. & Mrs. Smith Doug Liman
35%
2014 Fury David Ayer
33%
1992 A River Runs Through It Robert Redford
32%
2004 Troy Wolfgang Petersen
31%
1996 Sleepers Barry Levinson
30%
2012 Killing Them Softly Andrew Dominik
29%
2007 The Assassination of Jesse James by the Coward Robert Ford Andrew Dominik
29%
1994 Interview with the Vampire Neil Jordan
29%
1998 Meet Joe Black Martin Brest
27%
1994 Legends of the Fall Edward Zwick
25%
2015 By the Sea Angelina Jolie
24%
2019 Ad Astra James Gray
24%
2024 Wolfs Jon Watts
21%
2013 World War Z Marc Forster
21%
2001 The Mexican Gore Verbinski
19%
1997 Seven Years in Tibet Jean-Jacques Annaud
19%
1997 The Devil's Own Alan J. Pakula
17%
2010 Megamind Tom McGrath
17%
1992 Cool World Ralph Bakshi
14%
2003 Sinbad: Legend of the Seven Seas Tim Johnson & Patrick Gilmore
13%
2022 The Lost City Aaron Nee & Adam Nee
10%
1993 Kalifornia Dominic Sena
8%
2017 War Machine David Michôd
7%
1991 Johnny Suede Tom DiCillo
6%
1994 The Favor Donald Petrie
5%
1988 The Dark Side of the Sun Bozidar Nikolic
4%
1989 Happy Together Mel Damski
4%
1989 Cutting Class Rospo Pallenberg
4%
1990 Across the Tracks Sandy Tung
4%
No matching quizzes found
Score Distribution
Percent of People with Each Score
Percentile by Number Answered
Your Score History
You have not taken this quiz since the last reset